[Event "GER-ch Net blitz qual3"]
[Site "Playchess.com INT"]
[Date "2020.03.21"]
[Round "5"]
[White "Rudolf, Matthias"]
[Black "Hoellenriegel, Daniela"]
[Result "1/2-1/2"]
[WhiteElo "2094"]
[BlackElo "2012"]
[PlyCount "109"]
[EventDate "2020.03.21"]
[EventType "swiss (blitz)"]
[EventRounds "9"]
[EventCountry "GER"]
[SourceTitle "CBM 195 Extra"]
[Source "ChessBase"]
[SourceDate "2020.05.31"]
[SourceVersion "1"]
[SourceVersionDate "2020.05.31"]
[SourceQuality "1"]

1. e4 e6 2. d4 d5 3. Nd2 dxe4 4. Nxe4 Nf6 5. Nxf6+ Qxf6 6. Nf3 h6 7. Be3 b6 8. Be2 Bb7 9. Bb5+ c6 10. Be2 Bd6 11. 0-0 Nd7 12. c4 Rd8 13. Qa4 a6 14. Rfd1 0-0 15. Rac1 Rfe8 16. Qb3 b5 17. c5 Bf4 18. Bxf4 Qxf4 19. Qe3 Qxe3 20. fxe3 Nf6 21. Ne5 Nd5 22. Kf2 f6 23. Nd3 a5 24. e4 Ne7 25. Ne1 Kf7 26. Bh5+ g6 27. Bf3 Rd7 28. Rd2 Red8 29. Rcd1 e5 30. Nc2 exd4 31. Rxd4 Rxd4 32. Rxd4 Rxd4 33. Nxd4 b4 34. Ke3 Ba6 35. e5 fxe5 36. Nxc6 Nxc6 37. Bxc6 Ke6 38. Ke4 g5 39. Bd5+ Kf6 40. c6 Bc8 41. Bc4 h5 42. Kd5 Bf5 43. Kd6 e4 44. c7 e3 45. Kc5 Bc8 46. Kd4 Ke7 47. Be2 h4 48. Kxe3 Kd6 49. h3 Kxc7 50. Bg4 Bb7 51. Bf3 Bc8 52. Ke4 Kd6 53. Kd4 Be6 54. a3 bxa3 55. bxa3 1/2-1/2

[Event "GER-ch Net blitz qual3"]
[Site "Playchess.com INT"]
[Date "2020.03.21"]
[Round "9"]
[White "Rudolf, Matthias"]
[Black "Schirrer, Felix"]
[Result "1-0"]
[WhiteElo "2094"]
[BlackElo "1620"]
[PlyCount "99"]
[EventDate "2020.03.21"]
[EventType "swiss (blitz)"]
[EventRounds "9"]
[EventCountry "GER"]
[SourceTitle "CBM 195 Extra"]
[Source "ChessBase"]
[SourceDate "2020.05.31"]
[SourceVersion "1"]
[SourceVersionDate "2020.05.31"]
[SourceQuality "1"]

1. e4 c5 2. Nf3 Nc6 3. d4 cxd4 4. Nxd4 g6 5. Nc3 Bg7 6. Be3 Nf6 7. Nxc6 bxc6 8. e5 Nd5 9. Nxd5 cxd5 10. Qxd5 Rb8 11. Bc4 0-0 12. 0-0-0 d6 13. Bxa7 Be6 14. Qd3 Bxc4 15. Qxc4 Ra8 16. Bd4 Qa5 17. exd6 exd6 18. Bxg7 Kxg7 19. Qc3+ Qxc3 20. bxc3 Rxa2 21. Kd2 Ra5 22. Ke2 Rc5 23. Rxd6 Rxc3 24. Rd2 Rfc8 25. Kd1 Ra8 26. Re1 Kf6 27. Re3 Rc5 28. c3 Ra1+ 29. Ke2 Rc1 30. Rdd3 Rc2+ 31. Kf3 Rf5+ 32. Ke4 Rcxf2 33. Rg3 Re2+ 34. Kd4 Rff2 35. c4 Rxg2 36. Rgf3+ Ke6 37. c5 Rc2 38. Rc3 Rxc3 39. Rxc3 Kd7 40. Ke5 Rxh2 41. Kf6 Rf2+ 42. Kg7 h5 43. c6+ Kc7 44. Kh6 h4 45. Kg5 h3 46. Rxh3 Kxc6 47. Rd3 Rf3 48. Rxf3 f6+ 49. Kxg6 Kd5 50. Kxf6 1-0

[Event "GER-ch Net blitz qual3"]
[Site "Playchess.com INT"]
[Date "2020.03.21"]
[Round "4"]
[White "Rudolf, Matthias"]
[Black "Schubert, Joachim"]
[Result "1-0"]
[WhiteElo "2094"]
[BlackElo "1881"]
[PlyCount "105"]
[EventDate "2020.03.21"]
[EventType "swiss (blitz)"]
[EventRounds "9"]
[EventCountry "GER"]
[SourceTitle "CBM 195 Extra"]
[Source "ChessBase"]
[SourceDate "2020.05.31"]
[SourceVersion "1"]
[SourceVersionDate "2020.05.31"]
[SourceQuality "1"]

1. e4 c5 2. Nf3 Nc6 3. d4 cxd4 4. Nxd4 Nf6 5. Nc3 a6 6. Nxc6 bxc6 7. e5 Ng8 8. Be3 g6 9. Bc4 Bg7 10. Bd4 Nh6 11. e6 0-0 12. Bxg7 Kxg7 13. exd7 Qxd7 14. Qxd7 Bxd7 15. 0-0-0 Bf5 16. f3 e5 17. Rhe1 f6 18. Rd6 Rfc8 19. g4 Nf7 20. Bxf7 Kxf7 21. gxf5 gxf5 22. Rd7+ Ke6 23. Rxh7 f4 24. Ne4 Rf8 25. Rh6 Rad8 26. Rd1 Rd5 27. c4 Rxd1+ 28. Kxd1 Kf5 29. Kc2 Ke6 30. b4 Ke7 31. a4 f5 32. Nc5 Rg8 33. Re6+ Kf7 34. Rxe5 Rg2+ 35. Kb3 Kf6 36. Nd7+ Kg5 37. Re6 Rxh2 38. Rxc6 Rf2 39. Ne5 Re2 40. Rc5 Re3+ 41. Kb2 Kh4 42. b5 axb5 43. axb5 Re2+ 44. Kc3 Kg3 45. b6 Re1 46. b7 Rb1 47. Rb5 Rc1+ 48. Kd4 Rd1+ 49. Nd3 Kxf3 50. b8Q Ke2 51. Qxf4 Rxd3+ 52. Kc5 Rf3 53. Rb2+ 1-0

[Event "Oberliga Ost-A 1819"]
[Site "Germany"]
[Date "2019.04.06"]
[Round "10.5"]
[White "Schindler, Christian"]
[Black "Rudolf, Matthias"]
[Result "1/2-1/2"]
[WhiteElo "2195"]
[BlackElo "2084"]
[PlyCount "51"]
[EventDate "2018.10.21"]
[EventType "team-tourn"]
[EventRounds "11"]
[EventCountry "GER"]
[SourceTitle "EXT 2020"]
[Source "ChessBase"]
[SourceDate "2019.10.17"]
[SourceVersion "1"]
[SourceVersionDate "2019.10.17"]
[SourceQuality "1"]
[WhiteTeam "Loeberitz"]
[BlackTeam "Dresden Gruen Weiss"]
[WhiteTeamCountry "GER"]
[BlackTeamCountry "GER"]

1. d4 b6 2. Nf3 Bb7 3. Bf4 Nf6 4. e3 g6 5. c4 Bg7 6. Nc3 0-0 7. h3 d6 8. Be2 Ne4 9. Nxe4 Bxe4 10. 0-0 Nd7 11. Qd2 a5 12. Rfd1 h6 13. Rac1 g5 14. Bg3 f5 15. d5 Bxf3 16. Bxf3 Be5 17. Bxe5 Nxe5 18. Bh5 f4 19. exf4 gxf4 20. Rc3 Rf6 21. Re1 Qd7 22. Qd1 Raf8 23. Bg4 Qe8 24. Bh5 Qd7 25. Bg4 Qe8 26. Bh5 1/2-1/2

[Event "Oberliga Ost-A 1819"]
[Site "Germany"]
[Date "2019.03.24"]
[Round "9.7"]
[White "Rudolf, Matthias"]
[Black "Poessel, Christian"]
[Result "1/2-1/2"]
[WhiteElo "2084"]
[BlackElo "1993"]
[PlyCount "43"]
[EventDate "2018.10.21"]
[EventType "team-tourn"]
[EventRounds "11"]
[EventCountry "GER"]
[SourceTitle "EXT 2020"]
[Source "ChessBase"]
[SourceDate "2019.10.17"]
[SourceVersion "1"]
[SourceVersionDate "2019.10.17"]
[SourceQuality "1"]
[WhiteTeam "Dresden Gruen Weiss"]
[BlackTeam "Aue Nickelhuette II"]
[WhiteTeamCountry "GER"]
[BlackTeamCountry "GER"]

1. b3 Nf6 2. Bb2 e6 3. e3 Be7 4. f4 c5 5. Nf3 Nc6 6. Bb5 Qb6 7. a4 a6 8. Bxc6 Qxc6 9. 0-0 d6 10. Qe2 0-0 11. a5 Bd7 12. d3 Nd5 13. Nbd2 f5 14. Nc4 Rae8 15. Rae1 Bf6 16. Bxf6 Rxf6 17. g3 Rg6 18. Nh4 Rh6 19. e4 Ne7 20. Nb6 fxe4 21. dxe4 Qc7 22. Nxd7 1/2-1/2

[Event "Oberliga Ost-A 1819"]
[Site "Germany"]
[Date "2019.02.02"]
[Round "6.7"]
[White "Grohmann, Alexander"]
[Black "Rudolf, Matthias"]
[Result "1/2-1/2"]
[WhiteElo "1973"]
[BlackElo "2084"]
[PlyCount "52"]
[EventDate "2018.10.21"]
[EventType "team-tourn"]
[EventRounds "11"]
[EventCountry "GER"]
[SourceTitle "EXT 2020"]
[Source "ChessBase"]
[SourceDate "2019.10.17"]
[SourceVersion "1"]
[SourceVersionDate "2019.10.17"]
[SourceQuality "1"]
[WhiteTeam "Hoyerswerda"]
[BlackTeam "Dresden Gruen Weiss"]
[WhiteTeamCountry "GER"]
[BlackTeamCountry "GER"]

1. b3 b6 2. Bb2 Bb7 3. e3 e6 4. Nf3 Nf6 5. d4 Be7 6. Bd3 0-0 7. Nbd2 d5 8. 0-0 c5 9. Ne5 Nc6 10. Nxc6 Bxc6 11. Qe2 cxd4 12. exd4 Qc7 13. Nf3 Bd6 14. Ne5 Bxe5 15. dxe5 Nd7 16. Qh5 h6 17. f4 Nc5 18. Rf3 Nxd3 19. cxd3 d4 20. Rg3 Kh7 21. Bxd4 Be8 22. f5 Qd7 23. Be3 f6 24. Qf3 Rd8 25. fxe6 Qxe6 26. d4 Bc6 1/2-1/2

[Event "WchT Seniors 50"]
[Site "Dresden"]
[Date "2018.07.14"]
[Round "8.7"]
[White "Rudolf, Matthias"]
[Black "Penzold, Andreas"]
[Result "0-1"]
[WhiteElo "2102"]
[BlackElo "2389"]
[PlyCount "108"]
[EventDate "2018.07.07"]
[EventType "team-swiss"]
[EventRounds "9"]
[EventCountry "GER"]
[SourceTitle "CBM 185 Extra"]
[Source "ChessBase"]
[SourceDate "2018.07.29"]
[SourceVersion "1"]
[SourceVersionDate "2018.07.29"]
[SourceQuality "1"]
[WhiteTeam "Dresden Gruen Weiss"]
[BlackTeam "Potsdam Empor"]
[WhiteTeamCountry "GER"]
[BlackTeamCountry "GER"]

1. b3 e5 2. Bb2 d6 3. e3 Nf6 4. Nf3 g6 5. d4 e4 6. Nfd2 Bg7 7. Be2 h5 8. c4 Bf5 9. Nc3 0-0 10. h3 h4 11. Bg4 Qd7 12. Ndxe4 Nxg4 13. hxg4 Bxg4 14. f3 Bf5 15. Rxh4 c6 16. Qd2 Bxe4 17. Nxe4 d5 18. Nc5 Qe7 19. Rh3 Re8 20. Kf2 Nd7 21. Nxd7 Qxd7 22. cxd5 cxd5 23. Rc1 Re6 24. Qd3 Rae8 25. f4 Re4 26. Rc2 Qf5 27. Rf3 Qg4 28. Bc3 Bf6 29. Kg1 Bh4 30. Re2 Bg3 31. Be1 Bxf4 32. Bf2 Qe6 33. Kf1 Bg5 34. Rc2 Bd8 35. Qb5 Bb6 36. Rc1 Kg7 37. Qd3 Rh8 38. Kg1 g5 39. Bg3 f6 40. Rcf1 Bd8 41. Kf2 Re8 42. Qb5 Rxe3 43. Qxb7+ Kg6 44. Kg1 Rxf3 45. gxf3 Bb6 46. Re1 Qh3 47. Rxe8 Bxd4+ 48. Bf2 Qg3+ 49. Kh1 Qxf3+ 50. Kh2 Qxf2+ 51. Kh3 Qf1+ 52. Kg3 Qg1+ 53. Kf3 Qf2+ 54. Kg4 Qg2# 0-1

[Event "WchT Seniors 50"]
[Site "Dresden"]
[Date "2018.07.08"]
[Round "2.6"]
[White "Rudolf, Matthias"]
[Black "Chan, Peng Kong"]
[Result "0-1"]
[WhiteElo "2102"]
[BlackElo "2158"]
[PlyCount "62"]
[EventDate "2018.07.07"]
[EventType "team-swiss"]
[EventRounds "9"]
[EventCountry "GER"]
[SourceTitle "CBM 185 Extra"]
[Source "ChessBase"]
[SourceDate "2018.07.29"]
[SourceVersion "1"]
[SourceVersionDate "2018.07.29"]
[SourceQuality "1"]
[WhiteTeam "Dresden Gruen Weiss"]
[BlackTeam "Temasek Knights"]
[WhiteTeamCountry "GER"]
[BlackTeamCountry "SIN"]

1. e4 c5 2. Nf3 e6 3. b3 b6 4. Bb2 Bb7 5. Qe2 Nc6 6. d4 cxd4 7. Nxd4 Bb4+ 8. Nd2 Nf6 9. Nxc6 Bxc6 10. c3 Be7 11. e5 Nd5 12. Qg4 0-0 13. Bd3 f5 14. exf6 Nxf6 15. Qh3 g6 16. 0-0-0 Nh5 17. Be4 Nf4 18. Qg4 Rc8 19. Bxc6 Nd3+ 20. Kb1 Nxf2 21. Qd4 Rxc6 22. Ne4 Nxe4 23. Qxe4 d5 24. Qe2 Bf6 25. Qg4 Qd6 26. Rhf1 Bg7 27. h4 Rxf1 28. Rxf1 Qe5 29. Qa4 Qe2 30. Qf4 Rc8 31. Ba3 Qd3+ 0-1

[Event "Oberliga Ost-A 1718"]
[Site "Germany"]
[Date "2018.02.04"]
[Round "7.8"]
[White "Wolf, Mario"]
[Black "Rudolf, Matthias"]
[Result "0-1"]
[WhiteElo "1968"]
[BlackElo "2090"]
[PlyCount "86"]
[EventDate "2017.10.22"]
[EventType "team-tourn"]
[EventRounds "11"]
[EventCountry "GER"]
[SourceTitle "EXT 2019"]
[Source "ChessBase"]
[SourceDate "2018.10.10"]
[SourceVersion "1"]
[SourceVersionDate "2018.10.10"]
[SourceQuality "1"]
[WhiteTeam "Coswig TuS"]
[BlackTeam "Dresden Gruen Weiss"]
[WhiteTeamCountry "GER"]
[BlackTeamCountry "GER"]

1. d4 e6 2. c4 b6 3. Nc3 Bb4 4. Bd2 Bb7 5. e3 f5 6. Nf3 Nf6 7. Bd3 0-0 8. Qe2 Bxc3 9. Bxc3 Ne4 10. Rc1 d6 11. 0-0 Nd7 12. Nd2 Qe7 13. f3 Nxc3 14. Rxc3 e5 15. f4 Rae8 16. Qf2 Kh8 17. b4 c5 18. bxc5 bxc5 19. Rb1 Bc8 20. Nb3 g5 21. fxe5 dxe5 22. d5 e4 23. Bf1 Ne5 24. Qd2 Qd6 25. Nxc5 Qxc5 26. Rb5 Qe7 27. c5 Qf6 28. Ra3 f4 29. exf4 Qxf4 30. Qxf4 Rxf4 31. Rxa7 Ref8 32. Rb1 e3 33. Re7 Re4 34. d6 e2 35. Bxe2 Rxe2 36. c6 Rff2 37. Rxe5 Rxg2+ 38. Kh1 Rxh2+ 39. Kg1 Reg2+ 40. Kf1 Ba6+ 41. Rbb5 Bxb5+ 42. Rxb5 Rc2 43. Kg1 Rhd2 0-1

[Event "Oberliga Ost-A 1415"]
[Site "Germany"]
[Date "2014.10.19"]
[Round "3.8"]
[White "Hartwig, Maik"]
[Black "Rudolf, Matthias"]
[Result "1-0"]
[WhiteElo "2107"]
[BlackElo "2092"]
[PlyCount "85"]
[EventDate "2014.09.21"]
[EventType "team-tourn"]
[EventRounds "11"]
[EventCountry "GER"]
[SourceTitle "EXT 2016"]
[Source "ChessBase"]
[SourceDate "2015.10.08"]
[SourceVersion "1"]
[SourceVersionDate "2015.10.08"]
[SourceQuality "1"]
[WhiteTeam "Halle Volksbank"]
[BlackTeam "Dresden Gruen Weiss"]
[WhiteTeamCountry "GER"]
[BlackTeamCountry "GER"]

1. g3 f5 2. b3 e5 3. Bg2 Nc6 4. Bb2 d6 5. e3 Nf6 6. Ne2 g6 7. d4 Qe7 8. c4 Bg7 9. Nbc3 0-0 10. 0-0 Nd8 11. Qc2 c6 12. a4 e4 13. b4 Nf7 14. b5 g5 15. Qd2 g4 16. a5 Bd7 17. Nf4 Ng5 18. a6 b6 19. bxc6 Bxc6 20. Ba3 Rfd8 21. Rfc1 Rac8 22. Rab1 Bf8 23. Nb5 Qf7 24. Qb2 Be8 25. Rc2 Rxc4 26. Rxc4 Qxc4 27. Bf1 Qf7 28. Rc1 Bxb5 29. Bxb5 d5 30. Bxf8 Qxf8 31. Rc7 Rc8 32. Qc2 Nf3+ 33. Kf1 Rxc7 34. Qxc7 Qb4 35. Qd8+ Kf7 36. Qxf6+ Kg8 37. Qe6+ Kf8 38. Qxf5+ Kg8 39. Qxg4+ Kh8 40. Qc8+ Kg7 41. Qd7+ Kh8 42. Qe8+ Kg7 43. Ne6+ 1-0

[Event "Dresden ZMD op 23rd"]
[Site "Dresden"]
[Date "2014.08.22"]
[Round "8"]
[White "Rudolf, Matthias"]
[Black "Hoffmann, Tim"]
[Result "1/2-1/2"]
[WhiteElo "2092"]
[BlackElo "1961"]
[PlyCount "50"]
[EventDate "2014.08.15"]
[EventType "swiss"]
[EventRounds "9"]
[EventCountry "GER"]
[SourceTitle "CBM 161 Extra"]
[Source "ChessBase"]
[SourceDate "2014.08.29"]
[SourceVersion "1"]
[SourceVersionDate "2014.08.29"]
[SourceQuality "1"]

1. e4 c5 2. Nf3 d6 3. d4 cxd4 4. Nxd4 Nf6 5. Nc3 a6 6. Be3 e5 7. Nb3 Be7 8. f3 Be6 9. Qd2 0-0 10. 0-0-0 a5 11. Bb5 Na6 12. Qe2 Qb8 13. Na4 Bd7 14. Nb6 Bxb5 15. Qxb5 Nc7 16. Qa4 Ra6 17. c4 Na8 18. Nxa8 Qxa8 19. Kb1 Rc6 20. Qb5 a4 21. Nd2 Rfc8 22. Rc1 Nd7 23. Rhd1 Nc5 24. Nf1 Bd8 25. Qb4 Be7 1/2-1/2

[Event "Dresden ZMD op 23rd"]
[Site "Dresden"]
[Date "2014.08.18"]
[Round "4"]
[White "Rudolf, Matthias"]
[Black "Hansch, Stephan"]
[Result "1/2-1/2"]
[WhiteElo "2092"]
[BlackElo "2044"]
[PlyCount "44"]
[EventDate "2014.08.15"]
[EventType "swiss"]
[EventRounds "9"]
[EventCountry "GER"]
[SourceTitle "CBM 161 Extra"]
[Source "ChessBase"]
[SourceDate "2014.08.29"]
[SourceVersion "1"]
[SourceVersionDate "2014.08.29"]
[SourceQuality "1"]

1. e4 c5 2. Nf3 d6 3. d4 cxd4 4. Nxd4 Nf6 5. Nc3 a6 6. Be3 e5 7. Nb3 Be6 8. Qd2 Be7 9. f3 h5 10. 0-0-0 Nbd7 11. Kb1 Rc8 12. Nd5 Bxd5 13. exd5 Nb6 14. c4 Nxc4 15. Bxc4 Rxc4 16. Na5 Ra4 17. Nxb7 Qc7 18. Qc2 Qxc2+ 19. Kxc2 Rb4 20. Na5 Rb5 21. Nc4 Rxd5 22. Kb1 0-0 1/2-1/2

[Event "Dresden ZMD op 23rd"]
[Site "Dresden"]
[Date "2014.08.15"]
[Round "1"]
[White "Fogarasi, Tibor"]
[Black "Rudolf, Matthias"]
[Result "1-0"]
[WhiteElo "2392"]
[BlackElo "2092"]
[PlyCount "55"]
[EventDate "2014.08.15"]
[EventType "swiss"]
[EventRounds "9"]
[EventCountry "GER"]
[SourceTitle "CBM 161 Extra"]
[Source "ChessBase"]
[SourceDate "2014.08.29"]
[SourceVersion "1"]
[SourceVersionDate "2014.08.29"]
[SourceQuality "1"]

1. e4 e6 2. d4 d5 3. Nc3 Nc6 4. Nf3 Nf6 5. exd5 exd5 6. Bb5 Bb4 7. 0-0 0-0 8. Bxc6 bxc6 9. Ne5 Bxc3 10. bxc3 Qd6 11. Bf4 Qa3 12. Nxc6 Qxc3 13. Ne7+ Kh8 14. Be5 Be6 15. Qd3 Qb4 16. Bxf6 gxf6 17. Nf5 Bxf5 18. Qxf5 Qd6 19. Rae1 Rae8 20. Re3 Rxe3 21. fxe3 Kg7 22. Rf3 Qe6 23. Qf4 Rc8 24. Rh3 Kh8 25. Qh6 Qf5 26. Rh5 Qg6 27. Qxg6 fxg6 28. Rxd5 1-0

[Event "Oberliga Ost-A 1314"]
[Site "Germany"]
[Date "2014.04.06"]
[Round "11.7"]
[White "Spreng, Simon"]
[Black "Rudolf, Matthias"]
[Result "1-0"]
[WhiteElo "2225"]
[BlackElo "2108"]
[PlyCount "135"]
[EventDate "2013.10.13"]
[EventType "team-tourn"]
[EventRounds "11"]
[EventCountry "GER"]
[SourceTitle "EXT 2015"]
[Source "ChessBase"]
[SourceDate "2014.11.20"]
[SourceVersion "1"]
[SourceVersionDate "2014.11.20"]
[SourceQuality "1"]
[WhiteTeam "Loeberitz"]
[BlackTeam "Dresden Gruen Weiss"]
[WhiteTeamCountry "GER"]
[BlackTeamCountry "GER"]

1. d4 e6 2. g3 f5 3. Bg2 Nf6 4. c4 d5 5. Qc2 c6 6. Nh3 Bd6 7. 0-0 0-0 8. b3 b6 9. Rd1 Bb7 10. Bf4 Qe7 11. Bxd6 Qxd6 12. Nd2 Nbd7 13. Rac1 Rac8 14. Qb2 a5 15. Nf4 Qe7 16. Nd3 Rfe8 17. e3 Ne4 18. Nf3 c5 19. Nfe5 Nxe5 20. Nxe5 Nf6 21. cxd5 Bxd5 22. Bxd5 exd5 23. Nd3 cxd4 24. Qxd4 Rxc1 25. Nxc1 Qc5 26. Qd3 g6 27. Ne2 Rc8 28. Rc1 Qf8 29. Rxc8 Qxc8 30. Qd4 Qe6 31. Nf4 Qd6 32. Qc3 Kf7 33. Qc8 Qd7 34. Qxd7+ Nxd7 35. Nxd5 Ke6 36. Nc3 Kd6 37. Kf1 Kc5 38. Ke2 Kb4 39. Nb1 Nc5 40. f3 a4 41. bxa4 Kc4 42. Nd2+ Kc3 43. e4 Nxa4 44. e5 Kd4 45. f4 Nc3+ 46. Kf3 Kd5 47. a3 Nb5 48. Nb1 Kd4 49. Ke2 g5 50. a4 Nc7 51. fxg5 Kxe5 52. Nd2 Kd4 53. h4 Ne6 54. Nf3+ Kc5 55. Ke3 Kb4 56. h5 Kxa4 57. g6 hxg6 58. hxg6 Ng7 59. Kf4 Kb4 60. Nd4 Kc5 61. Nxf5 Ne8 62. g7 Nf6 63. Ke5 Ng8 64. g4 b5 65. g5 b4 66. Nd4 Kc4 67. Nc6 b3 68. Na5+ 1-0